Biblioteca

El Dios de los desposeídos (Registro nro. 63903)

Detalles MARC
000 -LÍDER
Campo fijo de descripción fija 01645nam a22003977 4500
001 - NÚMERO DE CONTROL
Campo de control 768714001
003 - IDENTIFICADOR DEL NÚMERO DE CONTROL
Campo de control CO-MdFUSB
005 - FECHA Y HORA DE LA ULTIMA TRANSACCIÓN
control field 20180622170021.0
008 - ELEMENTOS DE LONGITUD FIJA -- INFORMACIÓN GENERAL
Campo fijo de descripción fija -- Información general 170623t2012 p a|||f |||| 00| 0 spa d
020 ## - NÚMERO INTERNACIONAL NORMALIZADO PARA LIBROS
Número Internacional Normalizado del libro 9789972701818
040 ## - FUENTE DE CATALOGACIÓN
Agencia de catalogación original CO-MdFUSB
Idioma de catalogación spa
Agencia que realiza la transcripción CO-MdFUSB
Agencia que realiza la modificación CO-MdFUSBC
Convenciones de la descripción rda
041 ## - CÓDIGO DE IDIOMA
Código de idioma para texto/pista de sonido o título separado spa
082 ## - NÚMERO DE CLASIFICACIÓN DECIMAL DEWEY
Número de la edición del Dewey 24
Número de clasificación 261.8
Clave de autor-Numero de item C555
100 1# - ASIENTO PRINCIPAL--NOMBRE PERSONAL
Nombre personal Christian, Jayakumar,
Fechas asociadas con el nombre 1954-
Término relacionador autor.
242 ## - TRADUCCIÓN DEL TÍTULO POR AGENCIA CATALOGADORA
Título God of the Empty-Handed :
Parte restante del título - Subtítulo Poverty, power and the kingdom of God
Idioma del título original español
245 ## - TÍTULO
Título del Material El Dios de los desposeídos
Parte restante del título - Subtitulo : pobreza, poder y reino de Dios
Mención de responsabilidad, etc. / Jayakumar Christian ; [Virginia Anne Powell]
264 #1 - PRODUCCIÓN, PUBLICACIÓN, DISTRIBUCIÓN, MANUFACTURA, Y COPYRIGHT
Lugar de producción, publicación, distribución, manufactura Perú :
Nombre del productor, publicador, distribuidor Puma,
Fecha de producción, publicación, distribución, manufactura, o copyright [2012]
264 #4 - PRODUCCIÓN, PUBLICACIÓN, DISTRIBUCIÓN, MANUFACTURA, Y COPYRIGHT
Fecha de producción, publicación, distribución, manufactura, o copyright ©2012
300 ## - DESCRIPCIÓN FÍSICA
Extensión 302 páginas
Otros detalles físicos : ilustraciones a blanco y negro
Dimensiones ; 23 cm.
336 ## - TIPO DE CONTENIDO
Fuente rdacontent
Término de tipo de contenido
Código de tipo de contenido
337 ## - TIPO DE MEDIO
Fuente rdamedia
Nombre del tipo de medio
Código del tipo de medio
338 ## - TIPO DE SOPORTE
Fuente rdacarrier
Nombre del tipo de soporte
Código Tipo de soporte
505 ## - NOTA DE CONTENIDO
Título Aprender de la historia
505 ## - NOTA DE CONTENIDO
Nota de contenido con formato preestablecido Teorías acerca del desarrollo y supuestos sobre la pobreza -- Teología de la liberación y supuestos sobre la pobreza -- Respuestas históricas -- Cuatro respuestas contemporáneas
505 ## - NOTA DE CONTENIDO
Título Aprender de los pobres
505 ## - NOTA DE CONTENIDO
Nota de contenido con formato preestablecido Poder, visión del mundo y pobreza -- El sentido de la carencia de poder de los pobres
505 ## - NOTA DE CONTENIDO
Título Aprender del Reino de Dios
505 ## - NOTA DE CONTENIDO
Nota de contenido con formato preestablecido El reino de Dios: breve estudio -- Apéndice: La naturaleza de los "poderes"
534 ## - NOTA DE VERSION ORIGINAL
Publicación, distribución, etc. del original God of the Empty-Handed
Frase introductoria Título original en inglés
563 ## - NOTA DE ENCUADERNACIÓN
Nota de encuadernación Rústico
650 #7 - ASIENTO SECUNDARIO DE MATERIA - TERMINO TEMÁTICO
9 (RLIN) 405
Término temático o nombre geográfico como elemento de entrada Sociología cristiana
650 #7 - ASIENTO SECUNDARIO DE MATERIA - TERMINO TEMÁTICO
9 (RLIN) 449
Término temático o nombre geográfico como elemento de entrada Teología de la liberación
653 ## - TÉRMINO DE INDIZACIÓN - NO CONTROLADO
Término no controlado Pobreza -- Aspectos religiosos
720 ## - ASIENTO SECUNDARIO - NOMBRE NO CONTROLADO
Nombre Powell, Virginia Anne
Término de relación traductor
942 ## - TIPO DE MATERIAL (KOHA)
Tipo de Item KOHA Libros General
Existencias
Estado de Material Estado de Perdido Forma de Clasificación Estado de Dañado No para Préstamo Colección Biblioteca de Origen Biblioteca Permanente Fecha de Adquisición Total de Préstamos Signatura Topográfica Código de Barras Última vez visto Última vez Préstado Ejemplar/Existencia Fecha de Remplazo Tipo de Material
    Dewey Decimal Classification     Colección General Biblioteca FUSBC Biblioteca FUSBC 23/06/2017 2 G 261.8 C555d 21961 31/05/2024 18/05/2024 Ej. 1 23/06/2017 Libros General

Biblioteca FUSBC | Teléfono: (57+4) 349 88 10 Ext. 141| WhatsApp (+57) 3005338115 
E-mail: biblioteca@unisbc.edu.co | Calle 76 87-14 Robledo Palenque, Medellín, Colombia

Con tecnología Koha